KOHA-Header-6

Green Capital (Record no. 228)

000 -LEADER
fixed length control field 00303nam a2200121Ia 4500
008 - FIXED-LENGTH DATA ELEMENTS--GENERAL INFORMATION
fixed length control field 190722s9999 xx 000 0 und d
020 ## - INTERNATIONAL STANDARD BOOK NUMBER
International Standard Book Number 978-0-231-17140-3
100 ## - MAIN ENTRY--PERSONAL NAME
Personal name Christian DE Perthuis
245 #0 - TITLE STATEMENT
Title Green Capital
260 ## - PUBLICATION, DISTRIBUTION, ETC. (IMPRINT)
Place of publication, distribution, etc New York
Name of publisher, distributor, etc Columbia university press
Date of publication, distribution, etc 2015
300 ## - PHYSICAL DESCRIPTION
Extent 282
942 ## - ADDED ENTRY ELEMENTS (KOHA)
Koha item type Books
Holdings
Withdrawn status Lost status Damaged status Not for loan Permanent Location Current Location Date acquired Total Checkouts Total Renewals Full call number Barcode Checked out Date last seen Date checked out Price effective from Koha item type
        MAJU MAJU 2019-07-22 1 2 333.7 6854 2022-03-04 2020-09-10 2020-09-10 2019-07-22 Books

Powered by Koha